00689nam a2200241 a 4500001001300000003000900013005001700022008004100039020001000080082001600090100002400106245002500130260004300155300000900198500003500207505002900242650002600271700002400297902000800321942000700329952009600336999001500432nice12345678IN_TiNIC20260116011516.0050524s1939 mora grp 000 0 urd  ac10000a297.61bMIA aMian, Syed Mohammad aUlma-E-Haqb Part 1. aMoradabadbKutub Khana Fakhariyac1939 a304p aincludes index and biblioraphy2 aFour Parts Boun Together aIslam-Biography-Ulama1 aMian, Syed Mohammad bSRS cBK 00104070aHMIbHMId2007-07-05g100.00l0o297.61 MIAp4582r2007-07-05w2026-01-16yARB c2158d2158